00488nam a22001217a 4500008004100000040005500041100001800096245016300114260005200277300000900329650001100338700001700349230714b |||||||| |||| 00| 0 eng d aNational Science LibrarycNational Science Library1 aStratton, Roy aPhotographic technique for image enhancement: bPseudocolor two separation processc/ A report prepared by Rand Corporation Santa Monica, California July 1971 aWashington: bUS Department of Commerce, c1971 a36p. aReport aGazley, Carl